Starck.
Сохранить в:
| Главный автор: | |
|---|---|
| Другие авторы: | |
| Формат: | |
| Язык: | испанский |
| Опубликовано: |
Köln, Germany:
Taschen,
2010.
|
| Предметы: | |
| Метки: |
Добавить метку
Нет меток, Требуется 1-ая метка записи!
|
MARC
| LEADER | 00000nam a22000007a 4500 | ||
|---|---|---|---|
| 003 | CL-VaPUC | ||
| 005 | 20250321101931.0 | ||
| 008 | 250123t2010 ||||| |||| 00| 0 spa d | ||
| 999 | |c 446772 |d 446770 | ||
| 020 | |a 978-3-8365-2151-2 | ||
| 040 | |c Pontificia Universidad Católica de Valparaíso | ||
| 082 | |2 22 |a 745.20944 STA 2010 | ||
| 100 | |9 475086 |a Starck, Philippe |e autor | ||
| 245 | |a Starck. | ||
| 246 | |a S+arck. | ||
| 260 | |a Köln, Germany: |b Taschen, |c 2010. | ||
| 300 | |a 1967 páginas: |b fotografías. | ||
| 500 | |a c.1 Instituto Arcos. 08-01-2025 | ||
| 583 | |c 20250123 |k Yessy Sthefany Diaz Vidal | ||
| 650 | 0 | |9 262726 |a Diseño industrial |x Innovación |z Francia | |
| 650 | 0 | |9 475087 |a Diseñadores franceses |y Siglo 21 | |
| 700 | |9 895782 |a Philippi, Simone |e editor | ||
| 942 | |2 ddc |c BK |n 0 | ||
| 952 | |0 0 |1 0 |2 ddc |4 0 |6 745_209440000000000_STA_2010 |7 0 |8 A |9 599810 |a BIBINC |b BIBINC |d 2025-01-23 |e Instituto Arcos |i 5664762 |o 745.20944 STA 2010 |p 5664762 |r 2025-01-23 |t 1 |w 2025-01-23 |y BK |k IFP | ||